1193 1788 1311 1792 1474 1782 1676 1168 1548 1220 1603 1272 1824 1976 1036 1714 1123 1967 1302 1410 1659 1529 1929 1484 1488 1173 1059 1279 1365 1344 1963 1632 1560 1520 1356 1639 1122 1349 1866 1528 1538 1445 1147 1480 1979 1914 1883 1026 1143 1305 1477 1515 1112 1652 1697 1332 1882 1832 1502 1541 1136 1422 2000 1461 1996 1642 1710 1072 1019 1800 1905 1952 1909 1815 1095 1891 1811 1250 1761 1953 1478 1229 1750 1009 1026 1486 1941 1718 1221 1259 1889 1549 1463 1509 1512 1981 1054 1177 1512 BCNSPRNW ULIB Ver.6.0+V

เปลี่ยนเป็นภาษาไทย

Change to English
 แสดงรายละเอียดบรรณานุกรม
  กลับหน้าหลัก

Brief Record : Get Marc (ISO 2709) : E-mail record : QR code < ปิดหน้าต่าง
LEADER : 00000nam 2200000uu 4500
001    13399113859
003     ULIB
008    120110s||||||||th 000 0 tha d
099    วจ.LB2525^bภ183ก
100 0  ภรต โทนแก้ว
245 00 การศึกษาการดำเนินการประกันคุณภาพการศึกษาตามทัศนะของคณาจารย์ วิทยาลัยการสาธารณสุขสิรินธร จังหวัดอุบลราชธานี/^cภรต โทนแก้ว ,ถนอมศักดิ์ บุญสู่ และ มงคล การินทร์
260    อุบลราชธานี :^bวิทยาลัยการสาธารณสุขสิรินธร จังหวัดอุบลราชธานี,^c2554
300    61 หน้า :^bตาราง
500    รายงานการวิจัย
650  7 การประกันคุณภาพ^xวิจัย
700 02 ถนอมศักดิ์ บุญสู่
700 02 มงคล การินทร์
710 1  วิทยาลัยการสาธารณสุขสิรินธร จังหวัดอุบลราชธานี
945    ^p0^l0^i030924
995    ทศพร
999 ^a ทศพร
รายการนี้ยังไม่มีแท็ก
คุณยังไม่ได้ล็อกอิน คุณสามารถมีกิจกรรมร่วมกับเว็บไซต์ได้ แต่ต้องล็อกอินก่อน ::
  ล็อกอิน

รายการสื่อสารสนเทศ

ลำดับที่ ประเภท เลขเรียก/บาร์โค้ด สถานที่ สถานะ
1. งานวิจัย
งานวิจัย
วจ.LB2525 ภ183ก ฉ.1 
  Barcode: 030924
ห้องสมุดวิทยาเขตสวรรค์ประชารักษ์
►วิจัย
บนชั้น

BibComment


ยังไม่เคยถูกคอมเมนท์

คอมเมนท์ทรัพยากรรายการนี้
  คอมเมนท์: การศึกษาการดำเนิน..


 Copyright 2026. Bcnsprnw @Library